| Поле | Инд. | ПП | Название | Значение |
|---|---|---|---|---|
| Тип записи | a | |||
| Библиографический уровень | b | |||
| 001 | Контрольный номер | UNIDUBNA785d0e4ae564405fb33eba9316bb0fa1 | ||
| 005 | Дата корректировки | 20260429122655.4 | ||
| 008 | Кодируемые данные | 20170331 | ||
| 040 | b | Код языка каталог. | rus | |
| e | Правила каталог. | PSBO | ||
| 041 | 0_ | a | Код языка текста | rus |
| 084 | a | Индекс другой классификации/Индекс ББК | 63.3(2)622,11 | |
| 100 | 1_ | a | Автор | Алиев Р. |
| q | Полное имя | Алиев Ростислав | ||
| 245 | 10 | a | Заглавие | Брестская крепость: последние герои |
| b | Продолж. заглавия | Фронт ушел далеко на восток, но в легендарной цитадели еще долго звучали выстрелы | ||
| 520 | 0_ | a | Аннотация | Долгое время считалось, что майор Петр Гаврилов стал последним защитником Брестской крепости. Установлено, что он был тяжело ранен, попал в плен 23 июля 1941 года, попал в концлагерь и прошел послевоенную фильтрацию, был удостоен звания Героя Советского Союза и проживал в Краснодаре. Однако были и другие: не получившие ни наград, ни признания, они остались легендой крепости... Феномен последних защитников - один из самых острых вопросов в дискуссиях об обороне крепости. После пленения Гаврилова в крепости оставались люди. В подвалах и на чердаках, водопропускных трубах и колодцах крепости таились те, кто не намеревался сдаваться. О них рассказ в этой публикации. |
| 600 | 14 | a | Персоналии | Гаврилов Петр Михайлович |
| a | Персоналии | Деревянко Григорий | ||
| a | Персоналии | Зульпукаров Баганд | ||
| a | Персоналии | Комаров Михаил | ||
| 650 | 14 | a | Основная рубрика | история |
| 653 | 0_ | a | Ключевые слова | XX век |
| a | Ключевые слова | Брестская крепость | ||
| a | Ключевые слова | Великая Отечественная война 1941-1945 | ||
| a | Ключевые слова | Герой Советского Союза | ||
| a | Ключевые слова | Красная армия | ||
| a | Ключевые слова | оборонительные бои | ||
| a | Ключевые слова | Россия | ||
| a | Ключевые слова | советский период | ||
| a | Ключевые слова | СССР | ||
| 773 | 08 | t | Заглавие источника | Родина |
| d | Дата издания источника | 2024 | ||
| g | Прочая информация | № 10. - С. 98 - 101 : фот., ил. | ||
| w | Контрольный № источника | UNIDUBNA1e930c5b044d45e7bf1258202da90910 | ||
| 901 | t | Тип документа | b |